• 首页
  • 本馆介绍
  • 公告通知
  • 最新文献
  • 馆藏检索
  • 电子资源
  • 读者导购
  • 参考咨询
  • 我的图书馆
  • 登录
  • 详细信息显示
  • 放入我的书架
  • 预约/预借图书
  • 作者相关作品
  • 分类相关作品
  • 丛书相关作品
  • 出版社相关作品

书目信息

  • 表格格式
  • 工作单格式
  • 卡片格式
题名:
为了灵魂的自由
    
 
作者: 林少华 著
分册:  
出版信息: 北京   中国友谊出版公司  2010
页数: 316页
开本: 23cm
丛书名:
单 册:
中图分类: I313.065
科图分类:
主题词: 文学评论
电子资源:
ISBN: 978-7-5057-2646-8
000 00964nam0 2200265 45
001 1237640966
005 20120619082539.40
010    @a978-7-5057-2646-8@dCNY32.00
100    @a20100822d2010 em y0chiy50 ea
101 0  @achi
102    @aCN@b110000
105    @ay z 000yy
106    @ar
200 1  @a为了灵魂的自由@AWei Liao Ling Hun De Zi You@e村上春树的文学世界@ECun Shang Chun Shu De Wen Xue Shi Jie@f林少华著@FLin Shao Hua Zhu
210    @a北京@c中国友谊出版公司@d2010
215    @a316页@d23cm
330    @a本书除了品评村上每篇作品所蕴含的艺术特征、心灵信息和精神趋向外,还连续提取了其较为典型的生活细节和创作思想的变化轨迹。
517 1  @a村上春树的文学世界@ACun Shang Chun Shu De Wen Xue Shi Jie
600  0 @a村上春树@f(1949~)@x文学评论
600  0 @a村上春树@f(1949~)
606 0  @a文学评论
690    @aI313.065@v4
701  0 @a林少华@ALin Shao Hua@f(1952~)@4著
801  0 @aCN@bTSTCL@c20120604
905    @b0817671-74@dI313.065@e277@f4
    
    为了灵魂的自由:村上春树的文学世界/林少华著.-北京:中国友谊出版公司,2010
    316页;23cm
    
    
    ISBN 978-7-5057-2646-8:CNY32.00
    本书除了品评村上每篇作品所蕴含的艺术特征、心灵信息和精神趋向外,还连续提取了其较为典型的生活细节和创作思想的变化轨迹。
●
相关链接 在E读中查询图书 在五车中查询图书 在当当中查询图书 在豆瓣中查询图书


正题名:为了灵魂的自由     索取号:I313.065/277         预约/预借

序号 登录号 条形码 馆藏地/架位号 状态 备注
1 0817671   208176711   第一样本阅览室/ [索取号:I313.065/277] 在馆    
2 0817672   208176720   第二借阅区/ [索取号:I313.065/277] 在馆    
3 0817673   208176739   第二借阅区/ [索取号:I313.065/277] 在馆    
4 0817674   208176748   第二借阅区/ [索取号:I313.065/277] 在馆    
唐山师范学院图书馆 欢迎您!
大连网信软件有限公司© 版权所有